Science Quiz

Random Science or Food Quiz
Score 0/10 Timer 02:00
4 Plays Today
% Correct
Aluminium
94.3%
Hydrogen
93.2%
Potassium
86.4%
Xenon
81.9%
Iron
80.1%
Tin
66.8%
Rubidium
63.9%
Tungsten
61.7%
Zirconium
58.4%
Ytterbium
45.8%
Remove Ads.
Support Sporcle.
Get the best of Sporcle when you Go Orange. This ad-free experience offers more features, more stats, and more fun while also helping to support Sporcle. Thank you for becoming a member.

You're not logged in!

Compare scores with friends on all Sporcle quizzes.
OR
Log In

Show Comments

Extras

Top Quizzes Today


Score Distribution

Your Account Isn't Verified!

In order to create a playlist on Sporcle, you need to verify the email address you used during registration. Go to your Sporcle Settings to finish the process.

Report this User

Report this user for behavior that violates our Community Guidelines.

Details: